[Event "Arad op 17th"]
[Site "Arad"]
[Date "2024.08.11"]
[Round "9"]
[White "Feige, Manuel"]
[Black "Paraschiv, Paul Alexandru"]
[Result "1/2-1/2"]
[WhiteElo "2380"]
[BlackElo "2151"]
[PlyCount "42"]
[EventDate "2024.08.05"]
[EventType "swiss"]
[EventRounds "9"]
[EventCountry "ROU"]
[SourceTitle "CBM 221 Extra"]
[Source "ChessBase"]
[SourceDate "2024.09.30"]
[SourceVersion "1"]
[SourceVersionDate "2024.09.30"]
[SourceQuality "1"]

1. d4 e6 2. c4 d5 3. Nc3 a6 4. Nf3 dxc4 5. a4 Nc6 6. e3 Na5 7. Nd2 Nf6 8. Nxc4 Bb4 9. Nxa5 Bxa5 10. Be2 0-0 11. 0-0 Qe7 12. e4 Bxc3 13. bxc3 Nxe4 14. Bd3 Nd6 15. Re1 Bd7 16. c4 Qf6 17. Rb1 Bc6 18. Re5 h6 19. Bb2 Qf4 20. Bc1 Qf6 21. Bb2 Qf4 1/2-1/2

[Event "Arad op 17th"]
[Site "Arad"]
[Date "2024.08.06"]
[Round "2"]
[White "Feige, Manuel"]
[Black "Deac, Bogdan Daniel"]
[Result "0-1"]
[WhiteElo "2380"]
[BlackElo "2683"]
[PlyCount "112"]
[EventDate "2024.08.05"]
[EventType "swiss"]
[EventRounds "9"]
[EventCountry "ROU"]
[SourceTitle "CBM 221 Extra"]
[Source "ChessBase"]
[SourceDate "2024.09.30"]
[SourceVersion "1"]
[SourceVersionDate "2024.09.30"]
[SourceQuality "1"]

1. d4 d5 2. c4 e6 3. Nc3 h6 4. Nf3 Nf6 5. g3 Nc6 6. b3 Bb4 7. Bb2 e5 8. a3 Bxc3+ 9. Bxc3 e4 10. Ne5 Ne7 11. Bb4 c6 12. e3 0-0 13. cxd5 cxd5 14. Be2 a5 15. Bxe7 Qxe7 16. h4 Be6 17. Ng4 Ne8 18. Nh2 Nd6 19. Rc1 Nf5 20. a4 Qb4+ 21. Kf1 Rfc8 22. Rb1 Rc3 23. Kg1 Rac8 24. Nf1 Qe7 25. Qe1 b6 26. Kg2 g6 27. Nd2 Rc2 28. Nf1 h5 29. Bd1 R2c3 30. Nd2 Kg7 31. Qe2 Qb4 32. Rb2 Qd6 33. Nf1 Qa3 34. Ra2 Qb4 35. Rb2 Nh6 36. Nh2 Rc1 37. Qd2 Qxd2 38. Rxd2 Rb1 39. Rf1 Rc3 40. Be2 Rbxb3 41. Ra1 Rb4 42. Nf1 Rcb3 43. Rda2 Bd7 44. Nd2 Rb2 45. Bd1 Bg4 46. Bxg4 Nxg4 47. Kf1 Kf6 48. Ke1 Kf5 49. Rxb2 Rxb2 50. Rb1 Nxf2 51. Kxf2 Rxd2+ 52. Kf1 Kg4 53. Rxb6 Kf3 54. Rf6+ Kxe3 55. Rxf7 Rd1+ 56. Kg2 Kd3 0-1

[Event "Oberliga Ost-A 1314"]
[Site "Germany"]
[Date "2013.11.10"]
[Round "3.1"]
[White "Osmanodja, Filiz"]
[Black "Feige, Manuel"]
[Result "1/2-1/2"]
[WhiteElo "2290"]
[BlackElo "2400"]
[PlyCount "69"]
[EventDate "2013.10.13"]
[EventType "team-tourn"]
[EventRounds "11"]
[EventCountry "GER"]
[SourceTitle "EXT 2015"]
[Source "ChessBase"]
[SourceDate "2014.11.20"]
[SourceVersion "1"]
[SourceVersionDate "2014.11.20"]
[SourceQuality "1"]
[WhiteTeam "Dresden USV II"]
[BlackTeam "Chemnitz"]
[WhiteTeamCountry "GER"]
[BlackTeamCountry "GER"]

1. e4 c5 2. d3 Nc6 3. g3 d5 4. Nd2 Nf6 5. Bg2 e5 6. Ngf3 Be7 7. 0-0 0-0 8. c3 d4 9. Nc4 Qc7 10. a4 Be6 11. Qe2 Nd7 12. Nfd2 Nb6 13. f4 f6 14. Nxb6 Qxb6 15. c4 Qc7 16. Nf3 exf4 17. gxf4 Bd6 18. Nh4 Rae8 19. Kh1 f5 20. e5 Be7 21. Nf3 Kh8 22. Bd2 h6 23. h4 g6 24. Rg1 Rg8 25. Bh3 Rg7 26. h5 Reg8 27. hxg6 Rxg6 28. Rxg6 Rxg6 29. Be1 Qd8 30. Nh4 Bxh4 31. Qh5 Bxe1 32. Qxg6 Qh4 33. Kg2 Qf2+ 34. Kh1 Qh4 35. Kg2 1/2-1/2

[Event "Oberliga Ost-A 1213"]
[Site "Germany"]
[Date "2012.12.09"]
[Round "4.1"]
[White "Feige, Manuel"]
[Black "Heinrich, Thomas"]
[Result "1/2-1/2"]
[WhiteElo "2400"]
[BlackElo "2263"]
[PlyCount "58"]
[EventDate "2012.10.14"]
[EventType "team-tourn"]
[EventRounds "11"]
[EventCountry "GER"]
[SourceTitle "EXT 2014"]
[Source "ChessBase"]
[SourceDate "2013.11.20"]
[SourceVersion "1"]
[SourceVersionDate "2013.11.20"]
[SourceQuality "1"]
[WhiteTeam "Chemnitz"]
[BlackTeam "Leipzig VfB"]
[WhiteTeamCountry "GER"]
[BlackTeamCountry "GER"]

1. d4 Nf6 2. c4 c5 3. d5 e5 4. Nc3 d6 5. e4 Be7 6. h3 Nbd7 7. Nf3 Nf8 8. Be2 Ng6 9. Be3 a6 10. 0-0 0-0 11. a3 Nh5 12. Ne1 Nhf4 13. Bg4 Bxg4 14. hxg4 Bg5 15. Kh2 Nh8 16. Qd2 h6 17. g3 Nfg6 18. Nc2 Bf6 19. Qe2 Qd7 20. Bd2 Rfb8 21. a4 Bd8 22. Ne3 f6 23. Nf5 Nf7 24. Kg2 Ne7 25. Nxe7+ Bxe7 26. Nd1 b6 27. Ne3 Bf8 28. Rh1 g6 29. Qd3 a5 1/2-1/2

[Event "Oberliga Ost-A 1112"]
[Site "Germany"]
[Date "2012.01.14"]
[Round "6.2"]
[White "Jahnel, Guenther"]
[Black "Feige, Manuel"]
[Result "0-1"]
[WhiteElo "2336"]
[BlackElo "2402"]
[PlyCount "122"]
[EventDate "2011.09.25"]
[EventType "team-tourn"]
[EventRounds "11"]
[EventCountry "GER"]
[SourceTitle "EXT 2013"]
[Source "ChessBase"]
[SourceDate "2012.11.22"]
[SourceVersion "1"]
[SourceVersionDate "2012.11.22"]
[SourceQuality "1"]
[WhiteTeam "Hoyerswerda"]
[BlackTeam "Chemnitz"]
[WhiteTeamCountry "GER"]
[BlackTeamCountry "GER"]

1. d4 Nf6 2. c4 g6 3. Nc3 Bg7 4. e4 d6 5. Be2 0-0 6. Nf3 e5 7. 0-0 Na6 8. Re1 c6 9. Bg5 h6 10. Bh4 Qc7 11. h3 Nh5 12. d5 Nf4 13. Bg3 Nxe2+ 14. Rxe2 c5 15. Ne1 f5 16. exf5 gxf5 17. f4 e4 18. Nc2 Qf7 19. Bh4 Bd7 20. Kh2 Nb4 21. Nxb4 cxb4 22. Nb5 Bxb5 23. cxb5 Qe8 24. Rc1 Qxb5 25. Rec2 Rf7 26. Rc7 Qe8 27. Qe1 Bxb2 28. R1c4 Bc3 29. Qg3+ Kh7 30. Qe3 Qg8 31. g4 Qg7 32. Rxf7 Qxf7 33. gxf5 Qxf5 34. Rxe4 Rg8 35. Be1 Bxe1 36. Re7+ Rg7 37. Rxg7+ Kxg7 38. Qxe1 Qxf4+ 39. Kh1 Qf3+ 40. Kh2 Qxd5 41. Qxb4 Qxa2+ 42. Kg1 Qd5 43. Qc3+ Kg6 44. Qc2+ Kf6 45. Qc3+ Kf7 46. Qc7+ Kg6 47. Qc2+ Kg5 48. Qe2 h5 49. Qe3+ Kf5 50. Qe8 Qd4+ 51. Kf1 Qf4+ 52. Kg1 Qg3+ 53. Kf1 Qxh3+ 54. Kf2 Qh4+ 55. Kf1 Qc4+ 56. Kg1 Qc5+ 57. Kf1 b5 58. Qxh5+ Ke6 59. Qe8+ Kd5 60. Qa8+ Kd4 61. Qh8+ Kc4 0-1

[Event "Schwarzach op 25th"]
[Site "Schwarzach"]
[Date "2010.08.24"]
[Round "4"]
[White "Feige, Manuel"]
[Black "Krivoborodov, Egor"]
[Result "0-1"]
[WhiteElo "2402"]
[BlackElo "2499"]
[PlyCount "120"]
[EventDate "2010.08.21"]
[EventType "swiss"]
[EventRounds "9"]
[EventCountry "AUT"]
[SourceTitle "CBM 138 Extra"]
[Source "ChessBase"]
[SourceDate "2010.10.29"]
[SourceVersion "1"]
[SourceVersionDate "2010.10.29"]
[SourceQuality "1"]

1. d4 Nf6 2. c4 e6 3. Nc3 Bb4 4. e3 0-0 5. Bd3 d5 6. Nf3 c5 7. 0-0 cxd4 8. exd4 dxc4 9. Bxc4 Bd7 10. Qe2 Bc6 11. Rd1 Nbd7 12. Ne5 Nb6 13. Bd3 Rc8 14. Bg5 Be7 15. Nxc6 bxc6 16. Rac1 Nfd5 17. Bxe7 Qxe7 18. Bb1 Nxc3 19. Rxc3 g6 20. g3 Rfd8 21. h4 Rd6 22. Be4 Qd7 23. Rdc1 Rxd4 24. Bxc6 Qd6 25. R3c2 Rd8 26. Bg2 Rd2 27. Rxd2 Qxd2 28. Rc2 Qxe2 29. Rxe2 Rd1+ 30. Kh2 Kf8 31. b3 Ke7 32. Rc2 Nd5 33. Rc5 Rd2 34. Ra5 Rxf2 35. Kg1 Rb2 36. Rxa7+ Kf6 37. g4 h6 38. Ra5 Ne3 39. g5+ Kg7 40. Be4 Nf5 41. Ra7 h5 42. Bxf5 gxf5 43. Ra6 Kg6 44. Ra4 f6 45. Ra6 fxg5 46. hxg5 Kxg5 47. Rxe6 Rxa2 48. Re3 f4 49. Rc3 Kg4 50. b4 h4 51. b5 h3 52. b6 Rb2 53. b7 Rxb7 54. Ra3 Rb1+ 55. Kh2 Rb2+ 56. Kh1 f3 57. Ra8 Rb1+ 58. Kh2 f2 59. Rf8 Rb2 60. Kh1 Kg3 0-1

[Event "Oberliga Ost-A 0910"]
[Site "Germany"]
[Date "2009.11.28"]
[Round "5.1"]
[White "Stolz, Mike"]
[Black "Feige, Manuel"]
[Result "1/2-1/2"]
[WhiteElo "2380"]
[BlackElo "2417"]
[PlyCount "45"]
[EventDate "2009.10.18"]
[EventType "team-tourn"]
[EventRounds "11"]
[EventCountry "GER"]
[SourceTitle "EXT 2011"]
[Source "ChessBase"]
[SourceDate "2010.11.26"]
[SourceVersion "1"]
[SourceVersionDate "2010.11.26"]
[SourceQuality "1"]
[WhiteTeam "Magdeburg Rochade"]
[BlackTeam "Chemnitz"]
[WhiteTeamCountry "GER"]
[BlackTeamCountry "GER"]

1. e4 c5 2. c3 Nf6 3. e5 Nd5 4. Nf3 d6 5. d4 cxd4 6. cxd4 Nc6 7. Bc4 Nb6 8. Bb5 dxe5 9. Nxe5 Bd7 10. Nxd7 Qxd7 11. Nc3 e6 12. 0-0 Be7 13. Qg4 0-0 14. Bxc6 bxc6 15. Bh6 Bf6 16. Rfd1 Kh8 17. Bg5 Bxg5 18. Qxg5 h6 19. Qc5 Rfb8 20. Rac1 Nd5 21. Nxd5 cxd5 22. b3 a5 23. Qc7 1/2-1/2

[Event "Bayern-chI Bank Hofmann 13th"]
[Site "Bad Wiessee"]
[Date "2009.11.03"]
[Round "5"]
[White "Rosenkilde, Alexander"]
[Black "Feige, Manuel"]
[Result "1/2-1/2"]
[WhiteElo "2180"]
[BlackElo "2417"]
[PlyCount "31"]
[EventDate "2009.10.31"]
[EventType "swiss"]
[EventRounds "9"]
[EventCountry "GER"]
[SourceTitle "EXT 2010"]
[Source "ChessBase"]
[SourceDate "2010.11.25"]
[SourceVersion "1"]
[SourceVersionDate "2010.11.25"]
[SourceQuality "1"]

1. d4 Nf6 2. c4 g6 3. Nc3 Bg7 4. e4 d6 5. Nf3 0-0 6. h3 c5 7. d5 b5 8. cxb5 a6 9. bxa6 Qa5 10. Bd2 Bxa6 11. Bxa6 Qxa6 12. Qe2 Nfd7 13. Nd1 Nf6 14. Nc3 Nfd7 15. Nd1 Nf6 16. Nc3 1/2-1/2

[Event "Oberliga Ost-A 0910"]
[Site "Germany"]
[Date "2009.10.18"]
[Round "1.1"]
[White "Feige, Manuel"]
[Black "Lechtynsky, Jiri"]
[Result "1-0"]
[WhiteElo "2417"]
[BlackElo "2399"]
[PlyCount "109"]
[EventDate "2009.10.18"]
[EventType "team-tourn"]
[EventRounds "11"]
[EventCountry "GER"]
[SourceTitle "EXT 2011"]
[Source "ChessBase"]
[SourceDate "2010.11.26"]
[SourceVersion "1"]
[SourceVersionDate "2010.11.26"]
[SourceQuality "1"]
[WhiteTeam "Chemnitz"]
[BlackTeam "Hoyerswerda"]
[WhiteTeamCountry "GER"]
[BlackTeamCountry "GER"]

1. d4 Nf6 2. c4 e6 3. Nc3 Bb4 4. e3 0-0 5. Bd3 d5 6. Nf3 dxc4 7. Bxc4 c5 8. 0-0 Nc6 9. a3 Ba5 10. Qd3 a6 11. Rd1 b5 12. Ba2 c4 13. Qc2 Qe8 14. Bb1 g6 15. h3 Bb6 16. e4 e5 17. Bg5 Nd7 18. Nd5 exd4 19. Nxb6 Nxb6 20. Nxd4 Nxd4 21. Rxd4 Qe5 22. Qd2 Be6 23. Bf4 Qf6 24. e5 Qg7 25. Be4 Rac8 26. Bh6 Qxe5 27. Bxf8 Rxf8 28. Bf3 Na4 29. Re1 Qf6 30. Re2 Rc8 31. Rd6 c3 32. bxc3 Nxc3 33. Re1 h5 34. Rxa6 Rd8 35. Rd6 Rxd6 36. Qxd6 Kg7 37. Bc6 Bc4 38. Qxf6+ Kxf6 39. f3 Ne2+ 40. Kf2 Nd4 41. Be4 h4 42. Ke3 Ne6 43. Bd3 Bxd3 44. Kxd3 Kf5 45. Rb1 Kf4 46. Rxb5 Kg3 47. Rb2 Nf4+ 48. Ke3 Nxg2+ 49. Rxg2+ Kxg2 50. a4 Kxh3 51. Kf2 g5 52. a5 f5 53. a6 g4 54. fxg4 fxg4 55. a7 1-0

[Event "Goch op 20th"]
[Site "Goch"]
[Date "2009.10.04"]
[Round "7"]
[White "Feige, Manuel"]
[Black "Meertens, Martin"]
[Result "1/2-1/2"]
[WhiteElo "2417"]
[BlackElo "2132"]
[PlyCount "53"]
[EventDate "2009.10.01"]
[EventType "swiss"]
[EventRounds "7"]
[EventCountry "GER"]
[SourceTitle "EXT 2011"]
[Source "ChessBase"]
[SourceDate "2010.11.26"]
[SourceVersion "1"]
[SourceVersionDate "2010.11.26"]
[SourceQuality "1"]

1. d4 d5 2. c4 c6 3. Nf3 Nf6 4. Nc3 dxc4 5. a4 Bf5 6. e3 e6 7. Bxc4 Nbd7 8. 0-0 Bb4 9. Qe2 Bg4 10. h3 Bxf3 11. Qxf3 0-0 12. Rd1 Qc7 13. Bd2 e5 14. Rac1 Qa5 15. Bb3 Rad8 16. Be1 exd4 17. exd4 Nb6 18. Rd3 Rd7 19. Bd2 Rfd8 20. Be3 Nbd5 21. Ne2 Bd6 22. Ng3 Bxg3 23. Qxg3 Qc7 24. Qf3 Nxe3 25. fxe3 Qb6 26. Qf5 Qb4 27. Qc5 1/2-1/2

[Event "Goch op 20th"]
[Site "Goch"]
[Date "2009.10.04"]
[Round "6"]
[White "Nilsen, Joachim Birger"]
[Black "Feige, Manuel"]
[Result "1/2-1/2"]
[WhiteElo "2082"]
[BlackElo "2417"]
[PlyCount "53"]
[EventDate "2009.10.01"]
[EventType "swiss"]
[EventRounds "7"]
[EventCountry "GER"]
[SourceTitle "EXT 2011"]
[Source "ChessBase"]
[SourceDate "2010.11.26"]
[SourceVersion "1"]
[SourceVersionDate "2010.11.26"]
[SourceQuality "1"]

1. e4 c5 2. Nf3 d6 3. d4 cxd4 4. Nxd4 Nf6 5. Nc3 a6 6. Be3 e6 7. g4 h6 8. Bg2 Nc6 9. h3 Be7 10. Qe2 Nxd4 11. Bxd4 e5 12. Be3 Be6 13. 0-0-0 Rc8 14. Nd5 Nxd5 15. exd5 Bd7 16. Kb1 0-0 17. Be4 Bg5 18. Rdg1 Bxe3 19. Qxe3 Rc7 20. h4 f5 21. gxf5 Bxf5 22. Bxf5 Rxf5 23. Qxh6 Rxf2 24. Qe6+ Kh8 25. Rg5 Rcf7 26. a3 Qe7 27. Rh5+ 1/2-1/2

[Event "BL2-Ost 0809"]
[Site "Germany"]
[Date "2009.03.29"]
[Round "9.1"]
[White "Seils, Joerg"]
[Black "Feige, Manuel"]
[Result "1/2-1/2"]
[WhiteElo "2380"]
[BlackElo "2420"]
[PlyCount "96"]
[EventDate "2008.10.05"]
[EventType "tourn"]
[EventRounds "9"]
[EventCountry "GER"]
[SourceTitle "CBM 129 Extra"]
[Source "ChessBase"]
[SourceDate "2009.05.05"]
[SourceVersion "2"]
[SourceVersionDate "2009.05.20"]
[SourceQuality "1"]
[WhiteTeam "Pankow Rotation"]
[BlackTeam "Chemnitz"]
[WhiteTeamCountry "GER"]
[BlackTeamCountry "GER"]

1. e4 c5 2. Nf3 d6 3. Bb5+ Bd7 4. Bxd7+ Qxd7 5. 0-0 Nc6 6. c3 d5 7. exd5 Qxd5 8. d4 e6 9. Be3 cxd4 10. Nxd4 Nf6 11. Qa4 a6 12. Nxc6 Qxc6 13. Qxc6+ bxc6 14. Nd2 Nd5 15. Bd4 c5 16. Be5 f6 17. Bg3 h5 18. h3 h4 19. Bh2 0-0-0 20. Nc4 e5 21. Rfd1 Kc7 22. Kf1 Be7 23. Ke2 Nb6 24. Ne3 g6 25. f4 exf4 26. Bxf4+ Kc6 27. b3 f5 28. c4 Bf6 29. Rxd8 Rxd8 30. Rd1 Bd4 31. Kf3 Re8 32. Nc2 Re4 33. Re1 Rxe1 34. Nxe1 Bf6 35. Nc2 Nd7 36. Ne3 Bd8 37. Nd5 Nf8 38. Be5 Ne6 39. Nf4 Nxf4 40. Kxf4 Kd7 41. Bg7 Ke6 42. Bh6 Bf6 43. Bg5 Kf7 44. Bh6 Ke6 45. Bf8 g5+ 46. Ke3 Be7 47. Bg7 Bf6 48. Bf8 Be7 1/2-1/2

[Event "BL2-Ost 0809"]
[Site "Germany"]
[Date "2009.03.01"]
[Round "7.1"]
[White "Feige, Manuel"]
[Black "Slobodjan, Roman"]
[Result "1/2-1/2"]
[WhiteElo "2420"]
[BlackElo "2555"]
[PlyCount "132"]
[EventDate "2008.10.05"]
[EventType "tourn"]
[EventRounds "9"]
[EventCountry "GER"]
[SourceTitle "CBM 129 Extra"]
[Source "ChessBase"]
[SourceDate "2009.05.05"]
[SourceVersion "2"]
[SourceVersionDate "2009.05.20"]
[SourceQuality "1"]
[WhiteTeam "Chemnitz"]
[BlackTeam "Bindlach"]
[WhiteTeamCountry "GER"]
[BlackTeamCountry "GER"]

1. d4 d5 2. c4 c6 3. Nf3 e6 4. Nc3 f5 5. g3 Nf6 6. Bg2 Be7 7. 0-0 0-0 8. b3 Bd7 9. a4 Be8 10. Ba3 Bxa3 11. Rxa3 Bh5 12. Ne5 Nbd7 13. Nd3 Qe7 14. Ra2 dxc4 15. bxc4 e5 16. dxe5 Nxe5 17. Nxe5 Qxe5 18. Qb3 f4 19. a5 Bf7 20. Ra3 fxg3 21. hxg3 Qc5 22. Ra4 Ng4 23. Bf3 Ne5 24. Ne4 Qe7 25. Rb1 Rab8 26. Qb4 Qe6 27. Ng5 Qf5 28. Nxf7 Qxf7 29. c5 Nxf3+ 30. exf3 Qxf3 31. Qb3+ Qxb3 32. Rxb3 a6 33. Rab4 Rf5 34. Rxb7 Rxb7 35. Rxb7 Rxc5 36. Rb6 Rxa5 37. Rxc6 g6 38. Kg2 Kg7 39. Rb6 Kh6 40. f4 Kh5 41. Kh3 Ra3 42. Rc6 Kh6 43. Rb6 Ra1 44. Rc6 a5 45. Ra6 Kg7 46. Kg2 Ra2+ 47. Kh3 Ra1 48. Kg2 h6 49. Kh2 a4 50. Kg2 a3 51. Kh2 Ra2+ 52. Kh3 Ra1 53. Kh2 Kf7 54. Kg2 Ra2+ 55. Kh3 Ra1 56. Kg2 a2 57. g4 Kf8 58. f5 h5 59. fxg6 hxg4 60. Ra4 Kg7 61. Ra6 Kh6 62. Ra4 g3 63. Ra6 Kg7 64. Ra3 Kxg6 65. Rxg3+ Kf5 66. Ra3 Ke4 1/2-1/2

[Event "BL2-Ost 0809"]
[Site "Germany"]
[Date "2008.11.30"]
[Round "3.1"]
[White "Feige, Manuel"]
[Black "Markowski, Tomasz"]
[Result "0-1"]
[WhiteElo "2420"]
[BlackElo "2605"]
[PlyCount "166"]
[EventDate "2008.10.05"]
[EventType "tourn"]
[EventRounds "9"]
[EventCountry "GER"]
[SourceTitle "CBM 129 Extra"]
[Source "ChessBase"]
[SourceDate "2009.05.05"]
[SourceVersion "2"]
[SourceVersionDate "2009.05.20"]
[SourceQuality "1"]
[WhiteTeam "Chemnitz"]
[BlackTeam "Plauen Koenig"]
[WhiteTeamCountry "GER"]
[BlackTeamCountry "GER"]

1. d4 d6 2. Nf3 g6 3. c4 Bg7 4. Nc3 Bg4 5. e4 Nc6 6. Be3 e5 7. d5 Nd4 8. Be2 Bxf3 9. Bxf3 c5 10. dxc6 bxc6 11. 0-0 Ne7 12. Be2 0-0 13. Bd3 Rb8 14. Rb1 Qc7 15. Ne2 Ne6 16. b4 Rfd8 17. Qa4 Nc8 18. Rfc1 Bf6 19. g3 Bg5 20. f4 Bh6 21. a3 Nb6 22. Qc2 c5 23. Qd2 Rbc8 24. b5 Nd4 25. Rf1 Qe7 26. Nc3 exf4 27. gxf4 Re8 28. Rbe1 Qe6 29. Nd5 Nxd5 30. cxd5 Qd7 31. a4 Bg7 32. f5 Be5 33. Qf2 f6 34. Kh1 g5 35. Bc4 Qf7 36. Rg1 Kh8 37. Rg2 Rg8 38. Reg1 h5 39. Be2 Rg7 40. Bd1 Rcg8 41. Qd2 Rh7 42. Qd3 Qe8 43. Bf2 Rgg7 44. Be3 Qd8 45. Bf2 Qa5 46. Be1 Qb6 47. Bc3 Qc7 48. Qc4 g4 49. Rf1 Rg8 50. Rfg1 Rhg7 51. Qd3 Qe7 52. Bd2 Rc8 53. Qc4 Rgg8 54. Rf1 Qh7 55. Be1 Rc7 56. Rfg1 Qh6 57. Bf2 Qf4 58. Re1 Qd2 59. Bg3 Qb4 60. Qxb4 cxb4 61. Bxe5 fxe5 62. Rb2 Rc1 63. Rxb4 Ra8 64. Rb2 Ra1 65. a5 Rxa5 66. Be2 Kg7 67. Kg2 Ra3 68. Bf1 Kf6 69. Rd1 Rc3 70. Rdd2 h4 71. b6 h3+ 72. Kf2 axb6 73. Be2 g3+ 74. hxg3 Rxg3 75. Rxb6 Rg2+ 76. Kf1 Ra1+ 77. Rd1 Ra2 78. Rxd6+ Ke7 79. Re6+ Nxe6 80. d6+ Kf6 81. fxe6 Raxe2 82. d7 Ref2+ 83. Ke1 Rg1+ 0-1